| 000 | 00878 a2200229 4500 | ||
|---|---|---|---|
| 003 | OSt | ||
| 005 | 20230420121854.0 | ||
| 008 | 220823b2018 spaad||f |||| 001 0 spa d | ||
| 020 | _a9788484766704 | ||
| 040 | _cCHAP | ||
| 082 | 0 | 0 |
_a635.64383 _bM42 _222 |
| 100 | 1 |
_9186734 _aMatarín Guil, Antonio Salvador |
|
| 245 | 1 | 0 |
_aManual práctico para el cultivo del pimiento en agricultura protegida / _cpor Antonio Salvador Matarín Guil e Isidro Morales García |
| 264 | 1 |
_aEspaña: _bMundi-Prensa, _c2018. |
|
| 300 |
_a216 páginas _bilustraciones, cuadros, gráficas, fotos, tablas |
||
| 504 | _aIncluye índice y bibliografía | ||
| 650 | 4 |
_9132665 _aChile pimiento _xCultivos en invernadero |
|
| 650 | 4 |
_9131530 _aChile pimiento _xFisiología y morfología |
|
| 650 | 4 |
_922476 _aChile pimiento _xEnfermedades |
|
| 700 | 1 |
_9186735 _aMorales García, Isidro |
|
| 942 |
_2ddc _cLIBRO |
||
| 999 |
_c217618 _d217618 |
||